Colleges & Universities of U.S. Presidents (undergrad) - Statistics

General Stats
  • This quiz has been taken 1,526 times
  • The average score is 17 of 32
Answer Stats
Hint Answer % Correct
John Adams Harvard
99%
John Quincy Adams Harvard
99%
Theodore Roosevelt Harvard
99%
Franklin D. Roosevelt Harvard
99%
John F. Kennedy Harvard
99%
William Howard Taft Yale
97%
George H.W. Bush Yale
97%
George W. Bush Yale
97%
James Madison Princeton
89%
Woodrow Wilson Princeton
89%
Barrack Obama Columbia
78%
Herbert Hoover Stanford
71%
Gerald R. Ford Michigan
59%
Thomas Jefferson William & Mary
59%
James Monroe William & Mary
59%
John Tyler William & Mary
59%
Ulysses S. Grant U.S. Military Academy
53%
Dwight D. Eisenhower U.S. Military Academy
53%
William Clinton Georgetown
50%
Jimmy Carter U.S. Naval Academy
41%
Calvin Coolidge Amherst
20%
James K. Polk North Carolina
20%
Benjamin Harrison Miami, OH
19%
James Garfield Williams
18%
Lyndon B. Johnson Texas St
16%
Franklin Pierce Bowdoin
15%
Richard M. Nixon Whittier
15%
Ronald Reagan Eureka
14%
Chester A. Arthur Union
9%
Rutherford B. Hayes Kenyon
8%
James Buchanan Dickinson
7%
Warren G. Harding Ohio Central
4%
No matching quizzes found
Score Distribution
Percent of People with Each Score
Percentile by Number Answered
Your Score History
You have not taken this quiz